000 00183nam a2200073Ia 4500
008 180219s9999 xx 000 0 und d
100 _aBharti V V
245 0 _aLearning Without Tears
260 _aNew Delhi / Discovery
999 _c41254
_d41254